000 00428nam a22001697a 4500
003 CEME
005 20210628204032.0
008 210113b xxu||||| |||| 00| 0 eng d
040 _cceme
082 _a891.4393 SID
100 _aSiddiqui, Sadiq Hussain
_968358
245 _aTariq bin ziyad
260 _aJEHLUM
_bBOOK CORNER
_c2012
300 _a357P
650 _aURDU ADAB-NOVEL-TARIQ BIN ZIYAD.
_968359
942 _cBK
_2ddc
999 _c575958
_d575958